Language Quiz

Random Language Quiz

Dormir, partir, sortir Quiz Stats

Quiz not verified by Sporcle

Challenge
Share
Tweet
Embed
Score 0/27 Timer 03:00
0 Plays Today
infinitive correct form % Correct
elle (partir)part
84%
il (partir)part
83.8%
vous (partir)partez
83.4%
on (partir)part
82.6%
nous (partir)partons
82.6%
on (sortir)sort
82.6%
elles (partir)partent
82.5%
il (sortir)sort
82.5%
ils (sortir)sortent
82.5%
vous (sortir)sortez
82.3%
elle (sortir)sort
81.9%
ils (partir)partent
81.8%
nous (sortir)sortons
81.7%
je (sortir)sors
81.7%
infinitive correct form % Correct
tu (sortir)sors
81.4%
elles (sortir)sortent
81.4%
je (partir)pars
81.3%
tu (partir)pars
80.3%
nous (dormir)dormons
80.3%
vous (dormir)dormez
79.8%
je (dormir)dors
79.2%
elles (dormir)dorment
79.2%
ils (dormir)dorment
78.8%
tu (dormir)dors
78.6%
elle (dormir)dort
78.4%
on (dormir)dort
77.9%
il (dormir)dort
76.7%

You're not logged in!

Compare scores with friends on all Sporcle quizzes.
Sign Up with Email
OR
Log In

You Might Also Like...

Show Comments

Extras

Top Quizzes Today


Score Distribution

Your Account Isn't Verified!

In order to create a playlist on Sporcle, you need to verify the email address you used during registration. Go to your Sporcle Settings to finish the process.